Role of Non-Governmental organizations in Tribal empowerment : (Record no. 27284)
[ view plain ]
| 000 -LEADER | |
|---|---|
| fixed length control field | 00659nam a2200169Ia 4500 |
| 041 ## - LANGUAGE CODE | |
| Language code of text/sound track or separate title | English |
| 082 ## - DEWEY DECIMAL CLASSIFICATION NUMBER | |
| Classification number | RP.0345 |
| 100 ## - MAIN ENTRY--AUTHOR NAME | |
| Personal name | Patil, Ravindra Ramesh |
| Affiliation | Jamia Millia Islamia |
| Place | New Delhi |
| 245 #0 - TITLE STATEMENT | |
| Title | Role of Non-Governmental organizations in Tribal empowerment : |
| Sub Title | a study of selected NGOs of South Gujarat / |
| Statement of responsibility, etc | Ravindra Ramesh Patil |
| 260 ## - PUBLICATION, DISTRIBUTION, ETC. (IMPRINT) | |
| Place of publication | New Delhi : |
| Name of publisher/Sponsor | Indian Council oF Social Science Research, |
| Year of publication | 2014 |
| 300 ## - PHYSICAL DESCRIPTION | |
| Number of Pages | vii, 182 p. |
| 536 ## - FUNDING INFORMATION NOTE | |
| Funding Agency | Indian Council of Social Science Research |
| 546 ## - LANGUAGE NOTE | |
| Language note | English |
| 650 ## - SUBJECT ADDED ENTRY--TOPICAL TERM | |
| Topical Term | Non-governmental organizations |
| Geographic subdivision | India |
| -- | Gujarat |
| 650 ## - SUBJECT ADDED ENTRY--TOPICAL TERM | |
| Topical Term | Scheduled tribes in India--Social conditions |
| 942 ## - ADDED ENTRY ELEMENTS (KOHA) | |
| Koha item type | Research Reports |
| Source of classification or shelving scheme | Dewey Decimal Classification |
| Withdrawn status | Lost status | Damaged status | Not for loan | Collection code | Home library | Current library | Date acquired | Source of acquisition | Full call number | Accession Number | Koha item type |
|---|---|---|---|---|---|---|---|---|---|---|---|
| Not For Loan | Minor Research project Reports | NASSDOC Library | NASSDOC Library | 17/12/2021 | Gifted by: RP Division ICSSR | RP.0345 | 51947 | Research Reports |
